Determinants of the renewal of conflicts between regional powers : (رقم التسجيلة. 177523)

تفاصيل مارك
000 -LEADER
fixed length control field 05987namaa22004331i 4500
003 - CONTROL NUMBER IDENTIFIER
control field EG-GICUC
005 - أخر تعامل مع التسجيلة
control field 20260120113232.0
008 - FIXED-LENGTH DATA ELEMENTS--GENERAL INFORMATION
fixed length control field 260108s2025 ua a|||frm||| 000 0 eng d
040 ## - CATALOGING SOURCE
Original cataloguing agency EG-GICUC
Language of cataloging eng
Transcribing agency EG-GICUC
Modifying agency EG-GICUC
Description conventions rda
041 0# - LANGUAGE CODE
Language code of text/sound track or separate title eng
Language code of summary or abstract eng
-- ara
049 ## - Acquisition Source
Acquisition Source Deposit
082 04 - DEWEY DECIMAL CLASSIFICATION NUMBER
Classification number 320
092 ## - LOCALLY ASSIGNED DEWEY CALL NUMBER (OCLC)
Classification number 320
Edition number 21
097 ## - Degree
Degree M.Sc
099 ## - LOCAL FREE-TEXT CALL NUMBER (OCLC)
Local Call Number Cai01.03.04.M.Sc.2025.Me.D
100 0# - MAIN ENTRY--PERSONAL NAME
Authority record control number or standard number Mennatullah Adel Ahmed Moussa Omar,
Preparation preparation.
245 10 - TITLE STATEMENT
Title Determinants of the renewal of conflicts between regional powers :
Remainder of title A case study of the conflict between algeria and morocco /
Statement of responsibility, etc. by Mennatullah Adel Ahmed Moussa Omar ; Supervisor Prof. Dr. Mahmoud Ismail, Dr. Osama Saleh.
246 15 - VARYING FORM OF TITLE
Title proper/short title محددات تجدد الصراعات بين القوى الإقليمية :
Remainder of title دراسة حالة الصراع بين الجزائر والمغرب /
264 #0 - PRODUCTION, PUBLICATION, DISTRIBUTION, MANUFACTURE, AND COPYRIGHT NOTICE
Date of production, publication, distribution, manufacture, or copyright notice 2025.
300 ## - PHYSICAL DESCRIPTION
Extent 110 pages :
Other physical details illustrations ;
Dimensions 25 cm. +
Accompanying material CD.
336 ## - CONTENT TYPE
Content type term text
Source rda content
337 ## - MEDIA TYPE
Media type term Unmediated
Source rdamedia
338 ## - CARRIER TYPE
Carrier type term volume
Source rdacarrier
502 ## - DISSERTATION NOTE
Dissertation note Thesis (M.Sc)-Cairo University, 2025.
504 ## - BIBLIOGRAPHY, ETC. NOTE
Bibliography, etc. note Bibliography: pages 102-110.
520 #3 - SUMMARY, ETC.
Summary, etc. This thesis examines the fluctuating nature of Algerian-Moroccan relations, focusing on the <br/>persistent rivalry that has shaped the political, security, and diplomatic dynamics of the Maghreb. <br/>Central to the study is the concept of the "pendulum effect," which describes the cyclical pattern of <br/>tension and rapprochement between the two nations. The research identifies key events, including <br/>including the Syrian refugee crisis, the Libyan conflict, the War on Terrorism, and the ongoing <br/>Western Sahara dispute, as pivotal sources of enduring discord. It also explores how domestic <br/>politics, regional ambitions, and differing foreign policy orientations have perpetuated competition, <br/>obstructing efforts at regional integration such as the Arab Maghreb Union. Through qualitative <br/>analysis and a review of diplomatic discourse, the thesis reveals how both countries have utilized <br/>regional conflicts and global alignments to assert influence, often at the expense of cooperation. <br/>Additionally, recent developments, such as Algeria’s support for the Polisario Front and Morocco’s <br/>normalization of relations with Israel, are analyzed to illustrate how they have exacerbated tensions, <br/>deepening rather than resolving the rivalry. The thesis argues that the Algeria-Morocco relationship <br/>exemplifies broader trends in North African geopolitics, where historical grievances, identity <br/>politics, and external alliances continuously shape the strategic calculations of both states. The <br/>study concludes that meaningful reconciliation is unlikely without structural changes in governance <br/>and a reframing of national interests beyond zero-sum competition.
520 #3 - SUMMARY, ETC.
Summary, etc. تتناول هذه الأطروحة الطبيعة المتغيرة للعلاقات الجزائرية المغربية، وتدرس التنافس المستمر الذي ميّز المشهد السياسي والأمني والدبلوماسي في المغرب العربي. ويستكشف البحث في جوهره مفهوم "التأثير التذبذبي"في العلاقات الثنائية، والذي يشير إلى دورة التوتر والتقارب المتكررة بين البلدين. وتُسلّط الدراسة الضوء على الأحداث الرئيسية التي أجّجت هذا التنافس، مثل النزاع المستمر حول الصحراء الغربية، ومشكلة الهجرة، والأزمة الليبية، والتي عمّقت كل منها العداء بين البلدين.<br/>كما تستكشف كيف ساهمت السياسة الداخلية، والطموحات الإقليمية، واختلاف السياسات الخارجية في ترسيخ التنافس، مما أعاق جهود التعاون الإقليمي، مثل اتحاد المغرب العربي. ومن خلال تحليل نوعي ونظرة فاحصة على المناقشات الدبلوماسية، تُبرز الأطروحة كيف استغلت كل من الجزائر والمغرب الصراعات الإقليمية والتحالفات العالمية استراتيجيًا لتأكيد نفوذهما، غالبًا على حساب التعاون. تتناول الرسالة كذلك كيف أعادت الأحداث الأخيرة، كتطبيع المغرب للعلاقات مع إسرائيل، إشعال التوترات، مما يشير إلى أن التنافس يزداد حدةً بدلاً من أن يهدأ.<br/>وفي نهاية المطاف، تجادل الرسالة بأن العلاقة بين الجزائر والمغرب تعكس اتجاهًا أوسع في الجغرافيا السياسية لشمال أفريقيا، حيث تُعيد المظالم التاريخية والهويات الوطنية والتحالفات الخارجية تشكيل استراتيجيات كلا البلدين باستمرار. وتقدم الخاتمة تقييمًا جادًا: يبدو أن المصالحة الحقيقية غير محتملة دون تغييرات جذرية في الحكم وتحول في المصالح الوطنية يبتعد عن نهج المحصلة الصفرية.
530 ## - ADDITIONAL PHYSICAL FORM AVAILABLE NOTE
Issues CD Issues also as CD.
546 ## - LANGUAGE NOTE
Text Language Text in English and abstract in Arabic & English.
650 #0 - SUBJECT ADDED ENTRY--TOPICAL TERM
Topical term or geographic name entry element Political science
650 #0 - SUBJECT ADDED ENTRY--TOPICAL TERM
Topical term or geographic name entry element العلوم السياسية
653 #1 - INDEX TERM--UNCONTROLLED
Uncontrolled term Pendular
-- rivalry
-- Western Sahara
-- North Africa
-- التنافس
-- الجزائر والمغرب
700 0# - ADDED ENTRY--PERSONAL NAME
Personal name Mahmoud Ismail
Relator term thesis advisor.
700 0# - ADDED ENTRY--PERSONAL NAME
Personal name Osama Saleh
Relator term thesis advisor.
900 ## - Thesis Information
Grant date 01-01-2025
Supervisory body Mahmoud Ismail
-- Osama Saleh
Universities Cairo University
Faculties Faculty of Economics and Political Science
Department Department of Political Science
905 ## - Cataloger and Reviser Names
Cataloger Name Shimaa
Reviser Names Eman Ghareb
942 ## - ADDED ENTRY ELEMENTS (KOHA)
Source of classification or shelving scheme Dewey Decimal Classification
Koha item type Thesis
Edition 21
Suppress in OPAC No
المقتنيات
Source of classification or shelving scheme Home library Current library Date acquired Inventory number Full call number Barcode Date last seen Effective from Koha item type
Dewey Decimal Classification المكتبة المركزبة الجديدة - جامعة القاهرة قاعة الرسائل الجامعية - الدور الاول 08.01.2026 93087 Cai01.03.04.M.Sc.2025.Me.D 01010110093087000 08.01.2026 08.01.2026 Thesis
Cairo University Libraries Portal Implemented & Customized by: Eng. M. Mohamady Contacts: new-lib@cl.cu.edu.eg | cnul@cl.cu.edu.eg
CUCL logo CNUL logo
© All rights reserved — Cairo University Libraries
CUCL logo
Implemented & Customized by: Eng. M. Mohamady Contact: new-lib@cl.cu.edu.eg © All rights reserved — New Central Library
CNUL logo
Implemented & Customized by: Eng. M. Mohamady Contact: cnul@cl.cu.edu.eg © All rights reserved — Cairo National University Library